000
00280nam a22001217a 4500
082
_a
920
_b
YOU/W
100
_a
YOUSAFZAI,MALALA
245
_a
WE ARE DISPLACED
260
_a
LONDON
_b
WEIDENFELD & NICOLSON
300
_a
212
650
_a
LIFE OF MALALA YOUSAFZAI
_z
LONDON
942
_c
BK
999
_c
5680
_d
5680